Normal view MARC view
  • Natoli Joe

Entry Personal Name

Number of records used in: 1

001 - CONTROL NUMBER

  • control field: 216615

003 - CONTROL NUMBER IDENTIFIER

  • control field: OSt

005 - DATE AND TIME OF LATEST TRANSACTION

  • control field: 20260205100223.0

008 - FIXED-LENGTH DATA ELEMENTS

  • fixed length control field: 260205|| aca||aabn | a|a d

040 ## - CATALOGING SOURCE

  • Original cataloging agency: OSt
  • Transcribing agency: OSt

100 ## - HEADING--PERSONAL NAME

  • Personal name: Natoli Joe

670 ## - SOURCE DATA FOUND

  • Source citation: Work cat.: (OSt)370323: Buley Leah 216614, User Experience Team of One: A Research and Design Survival Guide, 2024